| 000 | 00618nam a22001817a 4500 | ||
|---|---|---|---|
| 005 | 20250209165107.0 | ||
| 008 | 250209b |||||||| |||| 00| 0 eng d | ||
| 020 | _a9780838515488 | ||
| 050 |
_aRD137 _b.P44 |
||
| 245 |
_aCase Studies in Pediatric Surgery/ _ceditor; R. Lawrence Moss, Contributors; Erik D. Skarsgard, Ann M. Kosloske & Braid M. Smith |
||
| 260 |
_aNew York _bMcGraw-Hill Medical Publishing Division _c2000 |
||
| 300 |
_ax. 411p. _bill. some color _c28cm |
||
| 700 | _aMoss, R. Lawrence | ||
| 700 | _aSkarsgard, Erik D. | ||
| 700 | _aKosloske, Ann M. | ||
| 700 | _aSmith, Braid M. | ||
| 942 |
_2lcc _cBK _n0 |
||
| 999 |
_c3769 _d3769 |
||